000 00554nam a2200181Ia 4500
008 090123s9999 xx 000 0 und d
082 _b35139
100 _aपांडे म.पा.
245 _aपंढरीचा वारकरी
250 _a1
260 _bएक्सेल प्रकाशन
_c2003
300 _a44
600 _aपांडे म.पा.
630 _aपंढरीचा वारकरी
700 _aपांडे म.पा.
730 _aपंढरीचा वारकरी
942 _cBOOK
999 _c73206
_d73206